01264cam a2200325 a 4500001000500000005001700005020001700022040003500039050002300074082001200097100004300109245010000152260004500252300004000297490003300337505000800370520017600378521002200554521002000576650006300596650003100659650003200690650003500722650002200757650002900779650002100808650003500829655004200864700003200906140720230908154251.0 a792836003958 aDLCcDLCdDLCdOCoLCdDLCbeng00aPZ7.W244bMxq 199200aFic2201 aWarner, Gertrude Chandler,d1890-1979.14aThe mystery of the singing ghost /c by Gertrude Chandler Warner ; illustrated by Charles Tang. aMorton Grove, Ill. :bA. Whitman,c1992. a119 pages :billustrations ;c20 cm aThe Boxcar ChildrenvBook 31 aM  aWhile helping fix up the old house their cousins have bought, the Aldens hear stories about its being haunted and find evidence suggesting that there may be a ghost there. a540 bLexile  aM bRaz-Plus  0aBoxcar children (Fictitious characters)vJuvenile fiction. 0aOrphansvJuvenile fiction. 0aFamiliesvJuvenile fiction. 1aBrothers and sistersvFiction. 1aOrphansvFiction. 1aHaunted housesvFiction. 1aGhostsvFiction. 1aMystery and detective stories. 7aDetective and mystery stories.2gsafd1 aTang, Charleseillustrator